Statistics for Logos of NCAA Tournament teams

Click here to take the quiz!

General Stats

  • This quiz has been taken 482 times
  • The average score is 10 of 14

Answer Stats

Answer% Correct
Villanova
95%
Virginia Tech
95%
Xavier
94%
Arkansas
93%
Michigan State
84%
Gonzaga
83%
Rhode Island
82%
Loyola
81%
Buffalo
70%
Murray State
65%
Stephen F Austin
61%
Radford
51%
Texas Southern
34%
Cal State Fullerton
25%

Score Distribution

Percentile by Number Answered

Percent of People with Each Score

Your Score History

You have not taken this quiz